[Event "DEM U10w 2023"]
[Site "Willingen GER"]
[Date "2023.06.02"]
[Round "9"]
[White "Bacakova, Klara"]
[Black "Hendler, Felicitas"]
[Result "1-0"]
[Termination "normal"]
[Board "5"]
[WhiteElo "1289"]
[BlackElo "1049"]
[WhiteClock "00:17:44"]
[BlackClock "00:48:07"]
[PlyCount "61"]
[WhiteFideId "34605762"]
[BlackFideId "34616519"]
[EventCountry "GER"]
[EventRounds "11"]
[EventType "swiss"]
[EventDate "2023.05.27"]

1. e4 {[%clk 01:15:58]} {[%emt 00:00:01]} c5 {[%clk 01:15:50]} {[%emt
00:00:11]} 2. d4 {[%clk 01:16:21]} {[%emt 00:00:06]} cxd4 {[%clk 01:16:09]}
{[%emt 00:00:12]} 3. c3 {[%clk 01:16:44]} {[%emt 00:00:08]} dxc3 {[%clk
01:16:33]} {[%emt 00:00:05]} 4. Nxc3 {[%clk 01:17:05]} {[%emt 00:00:08]} Nc6
{[%clk 01:16:57]} {[%emt 00:00:07]} 5. Nf3 {[%clk 01:17:26]} {[%emt 00:00:07]}
d6 {[%clk 01:17:22]} {[%emt 00:00:06]} 6. Bc4 {[%clk 01:17:48]} {[%emt
00:00:08]} a6 {[%clk 01:17:48]} {[%emt 00:00:05]} 7. O-O {[%clk 01:11:40]}
{[%emt 00:06:37]} Nf6 {[%clk 01:16:34]} {[%emt 00:01:43]} 8. e5 {[%clk
00:49:46]} {[%emt 00:22:24]} dxe5 {[%clk 01:16:41]} {[%emt 00:00:23]} 9. Qxd8+
{[%clk 00:49:49]} {[%emt 00:00:27]} Nxd8 {[%clk 01:17:02]} {[%emt 00:00:09]}
10. Nxe5 {[%clk 00:49:03]} {[%emt 00:01:16]} e6 {[%clk 01:17:22]} {[%emt
00:00:11]} 11. Rd1 {[%clk 00:46:08]} {[%emt 00:03:24]} b5 {[%clk 01:13:33]}
{[%emt 00:04:20]} 12. Bb3 {[%clk 00:43:17]} {[%emt 00:03:21]} Bb7 {[%clk
01:13:37]} {[%emt 00:00:26]} 13. Bg5 {[%clk 00:39:39]} {[%emt 00:04:08]} Nc6
{[%clk 01:12:43]} {[%emt 00:01:24]} 14. Bxf6 {[%clk 00:37:35]} {[%emt
00:02:33]} gxf6 {[%clk 01:12:50]} {[%emt 00:00:23]} 15. Nxf7 {[%clk 00:36:43]}
{[%emt 00:01:22]} Kxf7 {[%clk 01:06:51]} {[%emt 00:06:30]} 16. Rd7+ {[%clk
00:36:15]} {[%emt 00:00:57]} Kg6 {[%clk 01:06:31]} {[%emt 00:00:51]} 17. Rxb7
{[%clk 00:31:03]} {[%emt 00:05:42]} Nd4 {[%clk 01:04:52]} {[%emt 00:02:09]} 18.
Rd7 {[%clk 00:29:28]} {[%emt 00:02:06]} Nxb3 {[%clk 01:05:02]} {[%emt
00:00:19]} 19. axb3 {[%clk 00:29:43]} {[%emt 00:00:15]} Bc5 {[%clk 01:05:16]}
{[%emt 00:00:16]} 20. Rd3 {[%clk 00:28:27]} {[%emt 00:01:45]} Bb6 {[%clk
01:04:38]} {[%emt 00:01:08]} 21. Kf1 {[%clk 00:27:42]} {[%emt 00:01:16]} e5
{[%clk 01:00:28]} {[%emt 00:04:40]} 22. Rd6 {[%clk 00:26:10]} {[%emt 00:02:02]}
Bd4 {[%clk 00:57:17]} {[%emt 00:03:41]} 23. Raxa6 {[%clk 00:24:42]} {[%emt
00:01:58]} Rxa6 {[%clk 00:56:33]} {[%emt 00:01:14]} 24. Rxa6 {[%clk 00:25:03]}
{[%emt 00:00:09]} Rb8 {[%clk 00:54:08]} {[%emt 00:02:55]} 25. Nd5 {[%clk
00:23:17]} {[%emt 00:02:16]} e4 {[%clk 00:52:23]} {[%emt 00:02:15]} 26. Nc3
{[%clk 00:21:34]} {[%emt 00:02:13]} b4 {[%clk 00:52:26]} {[%emt 00:00:28]} 27.
Nxe4 {[%clk 00:21:26]} {[%emt 00:00:36]} Bxb2 {[%clk 00:52:19]} {[%emt
00:00:37]} 28. g4 {[%clk 00:20:42]} {[%emt 00:01:15]} Rc8 {[%clk 00:48:02]}
{[%emt 00:04:46]} 29. g5 {[%clk 00:18:31]} {[%emt 00:02:42]} Rf8 {[%clk
00:47:49]} {[%emt 00:00:42]} 30. gxf6 {[%clk 00:17:45]} {[%emt 00:01:16]} Bxf6
{[%clk 00:48:07]} {[%emt 00:00:13]} 31. Rb6 {[%clk 00:17:44]} {[%emt 00:00:31]}
1-0

[Event "DEM U10w 2023"]
[Site "Willingen GER"]
[Date "2023.06.02"]
[Round "9"]
[White "Berger, Jennifer"]
[Black "Lu, Sheng"]
[Result "0-1"]
[Termination "normal"]
[Board "6"]
[WhiteElo "1137"]
[BlackElo "1227"]
[WhiteClock "00:37:35"]
[BlackClock "00:51:39"]
[PlyCount "166"]
[WhiteFideId "34630074"]
[BlackFideId "34628061"]
[EventCountry "GER"]
[EventRounds "11"]
[EventType "swiss"]
[EventDate "2023.05.27"]

1. e4 {[%clk 01:15:42]} {[%emt 00:00:16]} e5 {[%clk 01:15:58]} {[%emt
00:00:03]} 2. Nf3 {[%clk 01:15:54]} {[%emt 00:00:18]} Nc6 {[%clk 01:16:19]}
{[%emt 00:00:09]} 3. d4 {[%clk 01:16:09]} {[%emt 00:00:14]} exd4 {[%clk
01:16:44]} {[%emt 00:00:07]} 4. Nxd4 {[%clk 01:16:27]} {[%emt 00:00:10]} Bc5
{[%clk 01:17:07]} {[%emt 00:00:09]} 5. Nb3 {[%clk 01:16:44]} {[%emt 00:00:13]}
Bb6 {[%clk 01:17:28]} {[%emt 00:00:08]} 6. Nc3 {[%clk 01:14:35]} {[%emt
00:02:39]} Nf6 {[%clk 01:17:43]} {[%emt 00:00:15]} 7. Bg5 {[%clk 01:14:35]}
{[%emt 00:00:25]} h6 {[%clk 01:17:56]} {[%emt 00:00:20]} 8. Bh4 {[%clk
01:13:55]} {[%emt 00:01:11]} d6 {[%clk 01:18:00]} {[%emt 00:00:27]} 9. h3
{[%clk 01:13:50]} {[%emt 00:00:35]} Be6 {[%clk 01:17:32]} {[%emt 00:00:57]} 10.
Bd3 {[%clk 01:07:18]} {[%emt 00:07:01]} a6 {[%clk 01:15:35]} {[%emt 00:02:29]}
11. Qe2 {[%clk 00:59:47]} {[%emt 00:07:57]} Qe7 {[%clk 01:13:15]} {[%emt
00:02:54]} 12. Qf3 {[%clk 00:50:57]} {[%emt 00:09:17]} g5 {[%clk 01:10:14]}
{[%emt 00:03:33]} 13. Bg3 {[%clk 00:49:08]} {[%emt 00:02:19]} Bxb3 {[%clk
01:04:14]} {[%emt 00:06:31]} 14. axb3 {[%clk 00:49:00]} {[%emt 00:00:38]} d5
{[%clk 01:02:01]} {[%emt 00:02:43]} 15. e5 {[%clk 00:40:11]} {[%emt 00:09:19]}
Nxe5 {[%clk 01:01:16]} {[%emt 00:01:14]} 16. Qe2 {[%clk 00:40:28]} {[%emt
00:00:13]} Nxd3+ {[%clk 01:00:51]} {[%emt 00:00:55]} 17. cxd3 {[%clk 00:40:35]}
{[%emt 00:00:23]} Qxe2+ {[%clk 01:00:12]} {[%emt 00:01:10]} 18. Nxe2 {[%clk
00:40:28]} {[%emt 00:00:37]} Rg8 {[%clk 00:58:32]} {[%emt 00:02:10]} 19. Rc1
{[%clk 00:40:28]} {[%emt 00:00:30]} c6 {[%clk 00:58:17]} {[%emt 00:00:44]} 20.
Be5 {[%clk 00:40:09]} {[%emt 00:00:50]} Ke7 {[%clk 00:57:17]} {[%emt 00:01:30]}
21. Bd4 {[%clk 00:39:05]} {[%emt 00:01:34]} Ba5+ {[%clk 00:56:35]} {[%emt
00:01:13]} 22. Bc3 {[%clk 00:39:12]} {[%emt 00:00:22]} Bxc3+ {[%clk 00:56:28]}
{[%emt 00:00:37]} 23. Nxc3 {[%clk 00:39:30]} {[%emt 00:00:11]} Kd6 {[%clk
00:55:57]} {[%emt 00:01:02]} 24. d4 {[%clk 00:39:38]} {[%emt 00:00:22]} Rge8+
{[%clk 00:55:26]} {[%emt 00:01:01]} 25. Kd2 {[%clk 00:39:50]} {[%emt 00:00:18]}
Ne4+ {[%clk 00:55:34]} {[%emt 00:00:22]} 26. Nxe4+ {[%clk 00:40:09]} {[%emt
00:00:11]} Rxe4 {[%clk 00:55:53]} {[%emt 00:00:11]} 27. Kd3 {[%clk 00:40:29]}
{[%emt 00:00:10]} Rae8 {[%clk 00:55:28]} {[%emt 00:00:54]} 28. Rc2 {[%clk
00:40:29]} {[%emt 00:00:30]} Kc7 {[%clk 00:54:02]} {[%emt 00:01:56]} 29. b4
{[%clk 00:40:27]} {[%emt 00:00:33]} Kb6 {[%clk 00:53:57]} {[%emt 00:00:35]} 30.
Ra1 {[%clk 00:40:17]} {[%emt 00:00:40]} Rh4 {[%clk 00:52:06]} {[%emt 00:02:21]}
31. Rd2 {[%clk 00:39:34]} {[%emt 00:01:13]} Ree4 {[%clk 00:51:26]} {[%emt
00:01:10]} 32. Kc3 {[%clk 00:39:51]} {[%emt 00:00:13]} g4 {[%clk 00:47:09]}
{[%emt 00:04:46]} 33. hxg4 {[%clk 00:39:15]} {[%emt 00:01:06]} Rhxg4 {[%clk
00:46:48]} {[%emt 00:00:51]} 34. f3 {[%clk 00:39:19]} {[%emt 00:00:27]} Re3+
{[%clk 00:47:09]} {[%emt 00:00:08]} 35. Kc2 {[%clk 00:39:38]} {[%emt 00:00:11]}
Rg3 {[%clk 00:47:12]} {[%emt 00:00:27]} 36. Rh1 {[%clk 00:39:05]} {[%emt
00:01:04]} Re6 {[%clk 00:47:25]} {[%emt 00:00:16]} 37. Rh2 {[%clk 00:37:05]}
{[%emt 00:02:30]} Reg6 {[%clk 00:46:26]} {[%emt 00:01:29]} 38. Re2 {[%clk
00:34:44]} {[%emt 00:02:51]} Re6 {[%clk 00:45:46]} {[%emt 00:01:11]} 39. Rxe6
{[%clk 00:28:26]} {[%emt 00:06:48]} fxe6 {[%clk 00:46:09]} {[%emt 00:00:07]}
40. Rxh6 {[%clk 00:28:34]} {[%emt 00:00:22]} Rxg2+ {[%clk 00:46:31]} {[%emt
00:00:07]} 41. Kc3 {[%clk 00:28:48]} {[%emt 00:00:17]} Rf2 {[%clk 00:46:27]}
{[%emt 00:00:34]} 42. Rf6 {[%clk 00:29:08]} {[%emt 00:00:10]} a5 {[%clk
00:45:38]} {[%emt 00:01:20]} 43. bxa5+ {[%clk 00:29:31]} {[%emt 00:00:07]} Kxa5
{[%clk 00:46:02]} {[%emt 00:00:05]} 44. b4+ {[%clk 00:29:38]} {[%emt 00:00:24]}
Kb5 {[%clk 00:46:19]} {[%emt 00:00:12]} 45. Rf7 {[%clk 00:29:57]} {[%emt
00:00:11]} b6 {[%clk 00:46:43]} {[%emt 00:00:07]} 46. Rf8 {[%clk 00:27:50]}
{[%emt 00:02:35]} Ka6 {[%clk 00:44:22]} {[%emt 00:02:52]} 47. Ra8+ {[%clk
00:27:27]} {[%emt 00:00:53]} Kb7 {[%clk 00:44:41]} {[%emt 00:00:10]} 48. Rf8
{[%clk 00:27:51]} {[%emt 00:00:06]} Kc7 {[%clk 00:43:13]} {[%emt 00:01:59]} 49.
Rf7+ {[%clk 00:27:57]} {[%emt 00:00:24]} Kd6 {[%clk 00:43:33]} {[%emt
00:00:11]} 50. Rf8 {[%clk 00:28:12]} {[%emt 00:00:13]} Ra2 {[%clk 00:43:25]}
{[%emt 00:00:39]} 51. Rd8+ {[%clk 00:28:18]} {[%emt 00:00:24]} Kc7 {[%clk
00:43:46]} {[%emt 00:00:09]} 52. Rf8 {[%clk 00:28:18]} {[%emt 00:00:29]} Ra7
{[%clk 00:44:02]} {[%emt 00:00:14]} 53. Rf7+ {[%clk 00:28:44]} {[%emt
00:00:05]} Kb8 {[%clk 00:44:20]} {[%emt 00:00:12]} 54. Rf8+ {[%clk 00:29:03]}
{[%emt 00:00:10]} Kb7 {[%clk 00:44:42]} {[%emt 00:00:09]} 55. Rf7+ {[%clk
00:29:19]} {[%emt 00:00:14]} Ka6 {[%clk 00:45:05]} {[%emt 00:00:07]} 56. Rxa7+
{[%clk 00:29:34]} {[%emt 00:00:14]} Kxa7 {[%clk 00:45:29]} {[%emt 00:00:06]}
57. Kb3 {[%clk 00:29:59]} {[%emt 00:00:05]} Kb7 {[%clk 00:45:32]} {[%emt
00:00:27]} 58. Ka3 {[%clk 00:29:34]} {[%emt 00:00:57]} Kc7 {[%clk 00:45:48]}
{[%emt 00:00:13]} 59. Kb3 {[%clk 00:29:59]} {[%emt 00:00:06]} Kd6 {[%clk
00:45:55]} {[%emt 00:00:23]} 60. Kc3 {[%clk 00:30:22]} {[%emt 00:00:07]} c5
{[%clk 00:45:39]} {[%emt 00:00:45]} 61. bxc5+ {[%clk 00:30:10]} {[%emt
00:00:42]} bxc5 {[%clk 00:46:00]} {[%emt 00:00:09]} 62. dxc5+ {[%clk 00:30:26]}
{[%emt 00:00:14]} Kxc5 {[%clk 00:46:23]} {[%emt 00:00:07]} 63. f4 {[%clk
00:30:48]} {[%emt 00:00:08]} d4+ {[%clk 00:46:29]} {[%emt 00:00:24]} 64. Kd2
{[%clk 00:30:59]} {[%emt 00:00:18]} Kc4 {[%clk 00:46:46]} {[%emt 00:00:14]} 65.
Kc2 {[%clk 00:31:24]} {[%emt 00:00:05]} d3+ {[%clk 00:47:07]} {[%emt 00:00:09]}
66. Kd1 {[%clk 00:31:48]} {[%emt 00:00:05]} Kd4 {[%clk 00:47:23]} {[%emt
00:00:15]} 67. Kd2 {[%clk 00:32:05]} {[%emt 00:00:13]} Ke4 {[%clk 00:47:42]}
{[%emt 00:00:11]} 68. Kd1 {[%clk 00:32:26]} {[%emt 00:00:08]} Kxf4 {[%clk
00:48:05]} {[%emt 00:00:07]} 69. Kd2 {[%clk 00:32:52]} {[%emt 00:00:05]} Ke4
{[%clk 00:48:27]} {[%emt 00:00:08]} 70. Kd1 {[%clk 00:33:18]} {[%emt 00:00:05]}
e5 {[%clk 00:48:47]} {[%emt 00:00:10]} 71. Kd2 {[%clk 00:33:42]} {[%emt
00:00:06]} Kd4 {[%clk 00:49:07]} {[%emt 00:00:09]} 72. Kd1 {[%clk 00:34:07]}
{[%emt 00:00:06]} e4 {[%clk 00:49:29]} {[%emt 00:00:07]} 73. Kd2 {[%clk
00:34:22]} {[%emt 00:00:15]} e3+ {[%clk 00:49:42]} {[%emt 00:00:17]} 74. Kd1
{[%clk 00:34:41]} {[%emt 00:00:09]} Kc3 {[%clk 00:50:06]} {[%emt 00:00:07]} 75.
Ke1 {[%clk 00:34:58]} {[%emt 00:00:13]} Kc2 {[%clk 00:50:25]} {[%emt 00:00:11]}
76. Kf1 {[%clk 00:35:22]} {[%emt 00:00:07]} d2 {[%clk 00:50:49]} {[%emt
00:00:05]} 77. Ke2 {[%clk 00:35:43]} {[%emt 00:00:09]} d1=Q {[%emt 00:00:12]}
78. Kxe3 {[%emt 00:00:05]} Qg4 {[%clk 00:50:42]} {[%emt 00:00:21]} 79. Kf2
{[%clk 00:36:02]} {[%emt 00:00:10]} Kd2 {[%clk 00:50:39]} {[%emt 00:00:34]} 80.
Kf1 {[%clk 00:36:23]} {[%emt 00:00:08]} Qe2+ {[%clk 00:51:01]} {[%emt
00:00:08]} 81. Kg1 {[%clk 00:36:49]} {[%emt 00:00:03]} Ke3 {[%clk 00:51:24]}
{[%emt 00:00:09]} 82. Kh1 {[%clk 00:37:11]} {[%emt 00:00:08]} Kf3 {[%clk
00:51:46]} {[%emt 00:00:07]} 83. Kg1 {[%clk 00:37:35]} {[%emt 00:00:06]} Qg2#
{[%clk 00:51:39]} {[%emt 00:00:07]} 0-1

[Event "DEM U10w 2023"]
[Site "Willingen GER"]
[Date "2023.06.02"]
[Round "9"]
[White "Lola, Georgia-Maria"]
[Black "Kryvak, Mariia"]
[Result "1-0"]
[Termination "normal"]
[Board "7"]
[WhiteElo "1293"]
[BlackElo "1083"]
[WhiteClock "00:53:21"]
[BlackClock "01:22:57"]
[PlyCount "71"]
[WhiteFideId "34629335"]
[BlackFideId "34164413"]
[EventCountry "GER"]
[EventRounds "11"]
[EventType "swiss"]
[EventDate "2023.05.27"]

1. e4 {[%clk 01:15:57]} {[%emt 00:00:02]} e5 {[%clk 01:15:56]} {[%emt
00:00:05]} 2. Nf3 {[%clk 01:16:20]} {[%emt 00:00:06]} Nc6 {[%clk 01:16:21]}
{[%emt 00:00:05]} 3. Nc3 {[%clk 01:16:41]} {[%emt 00:00:10]} Nf6 {[%clk
01:16:45]} {[%emt 00:00:06]} 4. d4 {[%clk 01:17:03]} {[%emt 00:00:07]} exd4
{[%clk 01:17:11]} {[%emt 00:00:05]} 5. Nxd4 {[%clk 01:17:22]} {[%emt 00:00:10]}
Nxd4 {[%clk 01:17:34]} {[%emt 00:00:07]} 6. Qxd4 {[%clk 01:17:42]} {[%emt
00:00:10]} d6 {[%clk 01:17:40]} {[%emt 00:00:24]} 7. Bg5 {[%clk 01:14:03]}
{[%emt 00:04:08]} Be7 {[%clk 01:17:47]} {[%emt 00:00:24]} 8. Be2 {[%clk
01:10:28]} {[%emt 00:04:04]} O-O {[%clk 01:18:11]} {[%emt 00:00:07]} 9. O-O
{[%clk 01:10:08]} {[%emt 00:00:50]} c5 {[%clk 01:18:28]} {[%emt 00:00:13]} 10.
Qd2 {[%clk 01:10:09]} {[%emt 00:00:27]} Be6 {[%clk 01:18:28]} {[%emt 00:00:32]}
11. Rfd1 {[%clk 01:05:17]} {[%emt 00:05:21]} a6 {[%clk 01:18:36]} {[%emt
00:00:23]} 12. Bxf6 {[%clk 01:05:33]} {[%emt 00:00:14]} Bxf6 {[%clk 01:18:56]}
{[%emt 00:00:10]} 13. Qxd6 {[%clk 01:05:30]} {[%emt 00:00:33]} Qxd6 {[%clk
01:19:17]} {[%emt 00:00:10]} 14. Rxd6 {[%clk 01:05:51]} {[%emt 00:00:09]} Be5
{[%clk 01:19:34]} {[%emt 00:00:12]} 15. Rdd1 {[%clk 01:05:11]} {[%emt
00:01:09]} Rad8 {[%clk 01:19:44]} {[%emt 00:00:21]} 16. a3 {[%clk 01:03:44]}
{[%emt 00:01:57]} h6 {[%clk 01:19:55]} {[%emt 00:00:19]} 17. Rd3 {[%clk
00:58:36]} {[%emt 00:05:36]} Rc8 {[%clk 01:20:04]} {[%emt 00:00:24]} 18. Rb1
{[%clk 00:54:56]} {[%emt 00:04:09]} Bc4 {[%clk 01:20:14]} {[%emt 00:00:20]} 19.
Rf3 {[%clk 00:55:00]} {[%emt 00:00:25]} Bxc3 {[%clk 01:20:29]} {[%emt
00:00:16]} 20. Bxc4 {[%clk 00:55:17]} {[%emt 00:00:13]} Be5 {[%clk 01:20:27]}
{[%emt 00:00:32]} 21. Rd1 {[%clk 00:54:45]} {[%emt 00:01:01]} Bxb2 {[%clk
01:20:11]} {[%emt 00:00:46]} 22. Rd7 {[%clk 00:54:47]} {[%emt 00:00:28]} Bf6
{[%clk 01:20:05]} {[%emt 00:00:37]} 23. Rxb7 {[%clk 00:53:38]} {[%emt
00:01:38]} Rcd8 {[%clk 01:20:28]} {[%emt 00:00:07]} 24. Bxa6 {[%clk 00:52:34]}
{[%emt 00:01:35]} Rd1+ {[%clk 01:20:52]} {[%emt 00:00:06]} 25. Bf1 {[%clk
00:52:58]} {[%emt 00:00:06]} Re8 {[%clk 01:21:01]} {[%emt 00:00:21]} 26. g3
{[%clk 00:52:10]} {[%emt 00:01:18]} Rxe4 {[%clk 01:21:19]} {[%emt 00:00:12]}
27. Kg2 {[%clk 00:52:29]} {[%emt 00:00:10]} Ree1 {[%clk 01:21:28]} {[%emt
00:00:21]} 28. Rb8+ {[%clk 00:52:43]} {[%emt 00:00:17]} Rd8 {[%clk 01:21:28]}
{[%emt 00:00:31]} 29. Rxd8+ {[%clk 00:53:05]} {[%emt 00:00:07]} Bxd8 {[%clk
01:21:47]} {[%emt 00:00:11]} 30. Bc4 {[%clk 00:53:01]} {[%emt 00:00:35]} Bf6
{[%clk 01:22:00]} {[%emt 00:00:16]} 31. Re3 {[%clk 00:52:01]} {[%emt 00:01:29]}
Rc1 {[%clk 01:21:41]} {[%emt 00:00:50]} 32. a4 {[%clk 00:52:07]} {[%emt
00:00:24]} Rxc2 {[%clk 01:21:58]} {[%emt 00:00:13]} 33. Re8+ {[%clk 00:52:31]}
{[%emt 00:00:07]} Kh7 {[%clk 01:22:21]} {[%emt 00:00:06]} 34. Bd3+ {[%clk
00:52:57]} {[%emt 00:00:04]} g6 {[%clk 01:22:37]} {[%emt 00:00:14]} 35. Bxc2
{[%clk 00:53:21]} {[%emt 00:00:05]} Bc3 {[%clk 01:22:57]} {[%emt 00:00:10]} 36.
Rc8 {[%emt 00:02:00]} 1-0

[Event "DEM U10w 2023"]
[Site "Willingen GER"]
[Date "2023.06.02"]
[Round "9"]
[White "Tu, Tiffany"]
[Black "Birkenheier, Larissa"]
[Result "1-0"]
[Termination "normal"]
[Board "8"]
[WhiteElo "1071"]
[BlackElo "1210"]
[WhiteClock "01:01:35"]
[BlackClock "00:34:17"]
[PlyCount "45"]
[WhiteFideId "34628576"]
[BlackFideId "34626379"]
[EventCountry "GER"]
[EventRounds "11"]
[EventType "swiss"]
[EventDate "2023.05.27"]

1. e4 {[%clk 01:15:57]} {[%emt 00:00:02]} e5 {[%clk 01:15:52]} {[%emt
00:00:09]} 2. Nf3 {[%clk 01:16:14]} {[%emt 00:00:11]} Nc6 {[%clk 01:16:05]}
{[%emt 00:00:18]} 3. Bb5 {[%clk 01:16:38]} {[%emt 00:00:06]} a6 {[%clk
01:15:57]} {[%emt 00:00:39]} 4. Ba4 {[%clk 01:17:00]} {[%emt 00:00:08]} Nf6
{[%clk 01:15:15]} {[%emt 00:01:12]} 5. d3 {[%clk 01:17:17]} {[%emt 00:00:13]}
b5 {[%clk 01:14:13]} {[%emt 00:01:32]} 6. Bb3 {[%clk 01:17:41]} {[%emt
00:00:06]} Bc5 {[%clk 01:13:33]} {[%emt 00:01:10]} 7. c3 {[%clk 01:17:58]}
{[%emt 00:00:11]} d6 {[%clk 01:12:41]} {[%emt 00:01:24]} 8. Nbd2 {[%clk
01:18:09]} {[%emt 00:00:18]} O-O {[%clk 01:10:22]} {[%emt 00:02:50]} 9. O-O
{[%clk 01:18:32]} {[%emt 00:00:07]} Bd7 {[%clk 01:09:19]} {[%emt 00:01:32]} 10.
Re1 {[%clk 01:18:53]} {[%emt 00:00:09]} Re8 {[%clk 01:08:33]} {[%emt 00:01:17]}
11. Nf1 {[%clk 01:19:10]} {[%emt 00:00:12]} Qe7 {[%clk 01:07:48]} {[%emt
00:01:15]} 12. Ng3 {[%clk 01:19:19]} {[%emt 00:00:19]} Ng4 {[%clk 01:01:40]}
{[%emt 00:06:41]} 13. Re2 {[%clk 01:17:20]} {[%emt 00:02:28]} Qf6 {[%clk
00:59:00]} {[%emt 00:03:11]} 14. Bd5 {[%clk 01:14:53]} {[%emt 00:02:57]} Rab8
{[%clk 00:56:12]} {[%emt 00:03:18]} 15. Bxc6 {[%clk 01:13:01]} {[%emt
00:02:21]} Bxc6 {[%clk 00:53:35]} {[%emt 00:03:07]} 16. d4 {[%clk 01:11:42]}
{[%emt 00:01:49]} Bb6 {[%clk 00:49:43]} {[%emt 00:04:23]} 17. Nf5 {[%clk
01:04:36]} {[%emt 00:07:30]} Bb7 {[%clk 00:42:00]} {[%emt 00:08:19]} 18. Bg5
{[%clk 01:03:51]} {[%emt 00:01:14]} Qe6 {[%clk 00:39:30]} {[%emt 00:03:00]} 19.
d5 {[%clk 01:03:30]} {[%emt 00:00:51]} Qd7 {[%clk 00:39:20]} {[%emt 00:00:40]}
20. h3 {[%clk 01:03:41]} {[%emt 00:00:19]} Nf6 {[%clk 00:35:36]} {[%emt
00:04:15]} 21. Bxf6 {[%clk 01:00:53]} {[%emt 00:03:17]} gxf6 {[%clk 00:35:54]}
{[%emt 00:00:13]} 22. Qd2 {[%clk 01:01:12]} {[%emt 00:00:11]} Kh8 {[%clk
00:34:17]} {[%emt 00:02:08]} 23. Qh6 {[%clk 01:01:35]} {[%emt 00:00:06]} 1-0